[Event "Oslo Stjernens op"]
[Site "Oslo"]
[Date "2016.06.05"]
[Round "1"]
[White "Pena Riasco, Alexander"]
[Black "Sivertsen, Svein Thore"]
[Result "1-0"]
[WhiteElo "2120"]
[BlackElo "1584"]
[PlyCount "67"]
[EventDate "2016.06.05"]
[EventType "swiss"]
[EventRounds "6"]
[EventCountry "NOR"]
[SourceTitle "CBM 173 Extra"]
[Source "ChessBase"]
[SourceDate "2016.08.29"]
[SourceVersion "1"]
[SourceVersionDate "2016.08.29"]
[SourceQuality "1"]

1. d4 h6 2. e4 a6 3. c4 d6 4. Nc3 e6 5. Nf3 Nc6 6. Bd3 Bd7 7. 0-0 e5 8. Be3 Bg4 9. d5 Nce7 10. h3 Bd7 11. Qc2 b6 12. b4 Qc8 13. Rfc1 Ng6 14. Bf1 Nf6 15. c5 bxc5 16. bxc5 dxc5 17. Na4 Nh5 18. Nxc5 Bd6 19. Nxd7 Qxd7 20. Qc6 Rd8 21. Bxa6 0-0 22. Qxd7 Rxd7 23. a4 Nhf4 24. a5 Kh7 25. Bb5 Rdd8 26. a6 Rb8 27. Rcb1 Rxb5 28. Rxb5 Ne2+ 29. Kf1 Nc3 30. Rb7 Nxe4 31. a7 Nc5 32. Rb8 Nd7 33. Rxf8 Ngxf8 34. a8Q 1-0

[Event "Oslo Stjernens op"]
[Site "Oslo"]
[Date "2015.11.06"]
[Round "1"]
[White "Grindbakken, Erik"]
[Black "Sivertsen, Svein Thore"]
[Result "0-1"]
[WhiteElo "1301"]
[BlackElo "1000"]
[PlyCount "101"]
[EventDate "2015.11.06"]
[EventType "swiss"]
[EventRounds "5"]
[EventCountry "NOR"]
[SourceTitle "CBM 169 Extra"]
[Source "ChessBase"]
[SourceDate "2015.12.18"]
[SourceVersion "1"]
[SourceVersionDate "2015.12.18"]
[SourceQuality "1"]

1. c4 d6 2. d4 h6 3. Nf3 e6 4. Nc3 Bd7 5. e4 Nc6 6. a3 a6 7. b4 e5 8. d5 Nce7 9. h4 Bg4 10. Be2 Nf6 11. Nh2 Bxe2 12. Qxe2 Ng6 13. Ng4 Be7 14. Ne3 Nf4 15. Qc2 g6 16. g3 N4h5 17. Bb2 Kf8 18. Ne2 Kg7 19. c5 Qc8 20. c6 b6 21. Kd2 Ng4 22. Raf1 Nxe3 23. Kxe3 Rf8 24. f4 Bf6 25. fxe5 dxe5 26. Kd3 Qg4 27. Rhg1 Rae8 28. Bc1 Be7 29. Qd2 g5 30. Qe3 f6 31. Qf3 Qxf3+ 32. Rxf3 Kh7 33. hxg5 fxg5 34. Rgf1 Nf6 35. Bb2 Ng4 36. Rf5 Rxf5 37. Rxf5 Bd6 38. Ng1 Kg6 39. Nf3 Nf2+ 40. Ke3 Nd1+ 41. Kd3 Nxb2+ 42. Kc3 Nd1+ 43. Kb3 Ne3 44. Nxe5+ Bxe5 45. Rf3 Ng4 46. b5 a5 47. Kc4 Nf6 48. Kd3 h5 49. a4 Bd6 50. Re3 Ng4 51. Rf3 0-1